| 000 | 01106nas a2200265Ia 4500 | ||
|---|---|---|---|
| 001 | R707/F0362 | ||
| 003 | IT-RoPAU | ||
| 008 | 151124c99999999xx |||||||||||| ||und|| | ||
| 040 | _aIT-RoPAU | ||
| 040 | _cIT-RoPAU | ||
| 041 | _aTEDESCO | ||
| 100 |
_aWiest Georg _gCodice Aut. SPICS: 50178 |
||
| 210 | _aZEITSCHRIFT FUR SEMIOTIK | ||
| 222 | _aZeitschrift Fur Semiotik | ||
| 245 |
_aZEITSCHRIFT FUR SEMIOTIK, VOL. 19-N.3 (1997) _bMedienspezifische Kodes In Computergestuzten Kommunikationssystemen |
||
| 250 | _a1a ed. | ||
| 260 |
_aTUBINGEN _bSTAUFFENBURG VERLAG _c1997 |
||
| 501 |
_bPaulus - SPICS - Società San Paolo EM (non-commercial uses only) _cCopyright2015 |
||
| 300 | _a16 p. [229-244] | ||
| 310 | _aTRIMESTRALE | ||
| 362 | _aVOL. 19, N.03 (1997) | ||
| 500 | _aCodici Specifici dei Media nel Sistema della Comunicazione Mediata Dal Computer. Codici Specifici dei Nuovi Media Devono Entrare Nell'Uso Comune. Duecodici: Primario, Basato su Istruzioni Tecniche, e Secondario, di Uso Sociale. Utilizzo della Posta Elettr | ||
| 650 |
_aSEMIOTICA _vPUBBLICAZIONE PERIODICA |
||
| 942 | _cCR | ||
| 999 |
_c181500 _d181500 |
||